Applied quantum mechanics

সংরক্ষণ করুন:
গ্রন্থ-পঞ্জীর বিবরন
প্রধান লেখক: Osborn, Richard K
বিন্যাস: গ্রন্থ
প্রকাশিত: World Scientific 1988
ট্যাগগুলো: ট্যাগ যুক্ত করুন
কোনো ট্যাগ নেই, প্রথমজন হিসাবে ট্যাগ করুন!
Thư viện lưu trữ: Mạng thư viện Đại học Đà Nẵng
LEADER 00548nam a2200229 a 4500
001 000030131
003 25359
005 20171030145630.0
008 171030s1988
040 |a LTT 
082 0 |a 530.12  |b OS-R 
100 1 |a Osborn, Richard K 
245 0 0 |a Applied quantum mechanics  |c Richard K. Osborn. 
260 |b World Scientific  |c 1988 
500 |a SABRES 
OWN |a LTT 
999 |a From the UDN01 
TYP |a Monograph 
TYP |a Printed language 
980 |a Mạng thư viện Đại học Đà Nẵng